000 01512nam a22002417a 4500
999 _c56881
_d56881
003 Ge_BSU
005 20190605145741.0
008 190605b1981 ge ||||| |||| 00| 0 geo d
041 _ageo
080 _a681.51(075.8) + 658.5-52(075.8) მ--30
245 _aმართვის ავტომატიზებული სისტემების ქვესისტემებისა და რგოლების დაპროექტება :
_bსახელმძღვ. "მართვის ავტომატიზებული სისტემების" სპეც. სტუდენტებისათვის /
_c ა. მამიკონოვი ; ვ. კულბა ; ა. ცვირკუნი ; ს. კოსიაჩენკო ; რედ : ა. მამიკონოვი.
264 _aთბილისი :
_bგანათლება,
_c1981.
300 _a300გვ. :
_bილ. ;
_c 21 სმ.
500 _aლიტ. სია: გვ.297-298 (36 სხწ.).
653 _aმართვის ავტომატიზებული სისტემები
653 _aბუღალტერია
700 _aმამიკონოვი, ა
_92108
700 _aკულბა, ვ
_92109
700 _aცვირკუნი, ა
_92110
700 _aკოსიაჩენკო, ს
_92111
700 _aმამიკონოვი, ა
_eრედაქტორი
_92108
942 _2udc
_cBK